| 000 | 00888nam a2200229 a 4500 | ||
|---|---|---|---|
| 001 | 55241 | ||
| 003 | BD-RjUL | ||
| 005 | 20211209080234.0 | ||
| 008 | 161115r19761954ii ||||| |||| 00| 0 ben d | ||
| 035 | _a(BD-RjUL) 55363 | ||
| 040 |
_aBD-RjUL _bben _cBD-RjUL |
||
| 041 | _aben | ||
| 082 |
_223 _a891.4409 _bBAS 1976 |
||
| 100 |
_a বসু, বুদ্ধদেব _9164509 |
||
| 245 | 1 | 0 |
_aসাহিত্য-চর্চা / _cবুদ্ধদেব বসু |
| 250 | _a১ম সং . | ||
| 260 |
_aকলিকাতা : _bদে'জ পাবলিশিং, _c১৯৫৪ [মুদ্রণ ১৯৭৬] |
||
| 300 |
_a১৬৬ পৃ. ; _c২১ সেমি . |
||
| 650 |
_aবাংলা সাহিত্য _xইউতিহাস ও সমালোচনা _9164510 |
||
| 650 |
_aBengaliLiterature _xHistory & Criticism _9164511 |
||
| 942 |
_2ddc _cBK |
||
| 999 |
_c55241 _d55241 |
||